000
00262nam a2200121Ia 4500
008
240614s9999 xx 000 0 und d
041
_a
eng
100
_a
Bhagat, Chetan
245
_a
400 Days
260
_b
Westland
_c
2024
300
_a
344
650
_a
General
999
_c
358721
_d
358721